Diseño de un mini acueducto por bombeo eléctrico (MABE), para la comunidad de Coyusne, municipio de Teustepe, departamento de Boaco para el año 2019

Diseña un sistema de abastecimiento de agua potable, realiza un estudio socioeconómico para conocer las características de la población, efectúa un levantamiento topográfico del terreno donde se propone hacer el proyecto, ejecuta un estudio de calidad de agua de la fuente propuesta para el pro...

Full description

Bibliographic Details
Main Authors: Moncada Cornejo, Michael Alexander, Torrez Sánchez, Yarel Osmín
Other Authors: Tutor: Baltodano Maldonado, José Ángel
Format: Tesis Section = Libro
Language:Undetermined
Spanish
Published: Managua UNI/RUACS 2020
Subjects:
LEADER 01341nam a2200265Ia 4500
008 240830s9999 xx 000 0 und d
040 |a BIBLIOTECA-RUPAP Mon 628.72 M737 
041 |a spa 
082 |a Mon 628.72 M737 
100 1 |a Moncada Cornejo, Michael Alexander 
100 1 |b  Torrez Sánchez, Yarel Osmín 
245 1 0 |a Diseño de un mini acueducto por bombeo eléctrico (MABE), para la comunidad de Coyusne, municipio de Teustepe, departamento de Boaco para el año 2019 
260 |a Managua  |b UNI/RUACS  |c 2020 
300 |a 128 p. :il. 
500 |a Contiene: anexos y CD. 
502 |a Tesis (Ingeniero Civil)- UNI, 2020. 
520 3 |a Diseña un sistema de abastecimiento de agua potable, realiza un estudio socioeconómico para conocer las características de la población, efectúa un levantamiento topográfico del terreno donde se propone hacer el proyecto, ejecuta un estudio de calidad de agua de la fuente propuesta para el proyecto, diseña los elementos con los que contara el sistema de abastecimiento de agua potable, elabora el presupuesto del proyecto 
650 7 |a ABASTECIMIENTO DE AGUA POTABLE 
650 7 |b CONSUMO DE AGUA 
650 7 |c ACUEDUCTOS-DISEÑO 
650 7 |d CALIDAD DEL AGUA 
700 1 |a Tutor:  |b Baltodano Maldonado, José Ángel 
942 |c BK  |2 ddc 
991 |a TESIS 
999 |c 16546